000 00343nam a2200121Ia 4500
008 220204s9999 xx 000 0 und d
082 _a581.2
_bANN.09
245 0 _aAnnual review of phytopathology. V 09
260 _aCalifornia
_bAnnual Reviews Inc
_c1971
650 _aForest tree diseases resistance
650 _aPhytopathology
942 _cBK
999 _c44918
_d44918